000 01192nam0a2200349 4500
001 RU\NLR\bibl\1743653
005 20250616113613.0
010 _a978-5-413-00288-9
_95000
021 _aRU
_b2011-8585
_9608
035 _a(nilc)RSL-KNO-004890715
035 _a(NLR Aleph) 001734558
090 _a1420788
_c1420788
100 _a20110214d2011 |||y0rusy50 ca
101 0 _arus
102 _aRU
105 _ac |||||||||
200 1 _aКнига Мирдада
_eковчег спасения
_fМихаил Найми
_g[Междунар. шк. Золотого Розенкрейца]
210 _aМосква
_cАмрита-Русь
_d2011
215 _a219 с.
_cпортр.
_d20
300 _aНа тит.л. и обл.: Познав Бога - Познаешь бессмертие
606 1 _aРозенкрейцеры
_91588483
_3RU\NLR\AUTH\66697881
686 2 _aЭ391.3
700 1 _aНайми
_bМ.
_f1889-1988
_gМихаил
_4070
801 0 _aRU
_bRuMoRKP
_c20110214
_grcr
801 1 _aRU
_bРГБ
_c20110214
801 2 _aRU
_bNLR
_c20110304
_grcr
942 _cBOOK
980 _aNB
980 _aNBR